<?xml version="1.0" encoding="UTF-8"?>
<record
    xmlns:xsi="http://www.w3.org/2001/XMLSchema-instance"
    xsi:schemaLocation="http://www.loc.gov/MARC21/slim http://www.loc.gov/standards/marcxml/schema/MARC21slim.xsd"
    xmlns="http://www.loc.gov/MARC21/slim">

  <leader>00944nam a2200265 a 4500</leader>
  <controlfield tag="001">BRL_953</controlfield>
  <controlfield tag="005">20190320210953.0</controlfield>
  <controlfield tag="008">281013s1981----nyua######---#000-0#eng-#</controlfield>
  <datafield tag="041" ind1=" " ind2=" ">
    <subfield code="a">eng</subfield>
  </datafield>
  <datafield tag="044" ind1=" " ind2=" ">
    <subfield code="a">nyu</subfield>
  </datafield>
  <datafield tag="050" ind1=" " ind2="4">
    <subfield code="a">F1545.3.A7</subfield>
    <subfield code="b">.B48 1981</subfield>
  </datafield>
  <datafield tag="245" ind1="1" ind2="0">
    <subfield code="a">Between continents/between seas</subfield>
    <subfield code="b">Precolumbian art of Costa Rica</subfield>
    <subfield code="c">text by Suzanne Abel-Vidor...[et al.] ; photographs by Dirk Bakker.</subfield>
  </datafield>
  <datafield tag="260" ind1=" " ind2=" ">
    <subfield code="a">New York</subfield>
    <subfield code="b">Harry N. Abrams</subfield>
    <subfield code="c">1981</subfield>
  </datafield>
  <datafield tag="300" ind1=" " ind2=" ">
    <subfield code="a">240 p.</subfield>
    <subfield code="b">il., l&#xE1;minas</subfield>
    <subfield code="c">28 cm.</subfield>
  </datafield>
  <datafield tag="500" ind1=" " ind2=" ">
    <subfield code="a">Au1016</subfield>
  </datafield>
  <datafield tag="504" ind1=" " ind2=" ">
    <subfield code="a">Bibliograf&#xED;a: p. 229-240.</subfield>
  </datafield>
  <datafield tag="650" ind1="1" ind2="4">
    <subfield code="a">Arte ind&#xED;gena</subfield>
    <subfield code="v">Exposiciones</subfield>
    <subfield code="z">Costa Rica</subfield>
    <subfield code="9">25430</subfield>
  </datafield>
  <datafield tag="650" ind1="1" ind2="4">
    <subfield code="a">Ind&#xED;genas de Am&#xE9;rica Central</subfield>
    <subfield code="v">Exposiciones</subfield>
    <subfield code="x">Antig&#xFC;edades</subfield>
    <subfield code="z">Costa Rica</subfield>
    <subfield code="9">25431</subfield>
  </datafield>
  <datafield tag="650" ind1="1" ind2="4">
    <subfield code="a">Arte precolombino</subfield>
    <subfield code="z">Costa Rica</subfield>
    <subfield code="9">25432</subfield>
  </datafield>
  <datafield tag="651" ind1=" " ind2="4">
    <subfield code="a">Costa Rica</subfield>
    <subfield code="v">Exposiciones</subfield>
    <subfield code="x">Antig&#xFC;edades</subfield>
    <subfield code="9">25433</subfield>
  </datafield>
  <datafield tag="700" ind1="1" ind2=" ">
    <subfield code="a">Abel-Vidor, Suzanne</subfield>
    <subfield code="9">25434</subfield>
  </datafield>
  <datafield tag="700" ind1="1" ind2=" ">
    <subfield code="a">Bakker, Dirk</subfield>
    <subfield code="e">il.</subfield>
    <subfield code="9">25435</subfield>
  </datafield>
  <datafield tag="902" ind1=" " ind2=" ">
    <subfield code="a">GRL</subfield>
  </datafield>
  <datafield tag="942" ind1=" " ind2=" ">
    <subfield code="2">lcc</subfield>
    <subfield code="c">B</subfield>
  </datafield>
  <datafield tag="999" ind1=" " ind2=" ">
    <subfield code="c">9765</subfield>
    <subfield code="d">9765</subfield>
  </datafield>
  <datafield tag="952" ind1=" " ind2=" ">
    <subfield code="0">0</subfield>
    <subfield code="1">0</subfield>
    <subfield code="4">0</subfield>
    <subfield code="7">0</subfield>
    <subfield code="a">BRL</subfield>
    <subfield code="b">BRL</subfield>
    <subfield code="d">2013-10-28</subfield>
    <subfield code="i">Au1016</subfield>
    <subfield code="l">0</subfield>
    <subfield code="o">F1545.3.A7 .B48 1981 (Au1016)</subfield>
    <subfield code="p">GRL01030</subfield>
    <subfield code="r">2019-03-22 00:00:00</subfield>
    <subfield code="w">2019-03-22</subfield>
    <subfield code="y">B</subfield>
  </datafield>
</record>
